| 000 | 01260cam a2200337 a 4500 | ||
|---|---|---|---|
| 001 | 2812 | ||
| 005 | 20240116093941.0 | ||
| 020 | _a9780439927925 (hardcover) | ||
| 020 | _a0439927927 (hardcover) | ||
| 040 |
_aDLC _cDLC _dDLC _beng |
||
| 050 | 0 | 0 |
_aPZ7.W42235 _bOgk 2009 |
| 082 | 0 | 0 |
_a823.92 _222 |
| 100 | 1 | _aWeeks, Sarah | |
| 245 | 1 | 0 |
_aOggie Cooder, party animal / _cSarah Weeks ; illustrations by Doug Holgate |
| 250 | _aThis edition first printing, July 2011 | ||
| 260 |
_aNew York : _bScholastic Press, _c2009 |
||
| 300 |
_a165 pages : _billustrations ; _c20 cm |
||
| 505 | _aU | ||
| 520 | _aNeither a long list of rules, nor the inability to find the perfect gift--Cheddar Jam--nor being locked in a bathroom with a juggling bear will keep quirky fourth-grader Oggie Cooder from attending neighbor Donnica Perfecto's birthday pool party. | ||
| 521 |
_a860 _bLexile |
||
| 521 |
_aU _bRaz-Plus |
||
| 650 | 1 |
_aEccentrics and eccentricities _vFiction. |
|
| 650 | 1 |
_aParties _vFiction. |
|
| 650 | 1 |
_aBirthdays _vFiction. |
|
| 650 | 1 |
_aNeighbors _vFiction. |
|
| 650 | 1 |
_aFriendship _vFiction. |
|
| 650 | 1 |
_aSchools _vFiction. |
|
| 700 | 1 |
_aHolgate, Douglas _eillustrator |
|
| 906 |
_a7 _bcbc _corignew _d1 _eecip _f20 _gy-gencatlg |
||
| 942 |
_2ddc _cBK _n0 |
||
| 999 |
_c2812 _d2812 |
||